Advances in structures analysis : (Record no. 77951)
[ view plain ]
| 000 -LEADER | |
|---|---|
| fixed length control field | 01860nam a2200385 i 4500 |
| 001 - CONTROL NUMBER | |
| control field | ebr10817910 |
| 003 - CONTROL NUMBER IDENTIFIER | |
| control field | CaPaEBR |
| 006 - FIXED-LENGTH DATA ELEMENTS--ADDITIONAL MATERIAL CHARACTERISTICS--GENERAL INFORMATION | |
| fixed length control field | m o d |
| 007 - PHYSICAL DESCRIPTION FIXED FIELD--GENERAL INFORMATION | |
| fixed length control field | cr cn||||||||| |
| 008 - FIXED-LENGTH DATA ELEMENTS--GENERAL INFORMATION | |
| fixed length control field | 111205t20112011sz ad ob 101 0 eng|d |
| 020 ## - INTERNATIONAL STANDARD BOOK NUMBER | |
| Cancelled/invalid ISBN | 9783037851593 (pbk.) |
| Cancelled/invalid ISBN | 3037851597 (pbk.) |
| International Standard Book Number | 9783038135333 (e-book) |
| 040 ## - CATALOGING SOURCE | |
| Original cataloging agency | CaPaEBR |
| Language of cataloging | eng |
| Description conventions | rda |
| -- | pn |
| Transcribing agency | CaPaEBR |
| 050 14 - LIBRARY OF CONGRESS CALL NUMBER | |
| Classification number | TA645 |
| Item number | .A38 2011eb |
| 245 00 - TITLE STATEMENT | |
| Title | Advances in structures analysis : |
| Remainder of title | special topic volume with invited peer reviewed papers only / |
| Statement of responsibility, etc | edited by Moussa Karama. |
| 264 #1 - PRODUCTION, PUBLICATION, DISTRIBUTION, MANUFACTURE, AND COPYRIGHT NOTICE | |
| Place of production, publication, distribution, manufacture | Durnten-Zurich : |
| Name of producer, publisher, distributor, manufacturer | TTP, Trans Tech Publications, |
| Date of production, publication, distribution, manufacture, or copyright notice | [2011] |
| Date of production, publication, distribution, manufacture, or copyright notice | �2011 |
| 300 ## - PHYSICAL DESCRIPTION | |
| Extent | 1 online resource (105 pages) : |
| Other physical details | illustrations (some color). |
| 336 ## - CONTENT TYPE | |
| Content type term | text |
| Source | rdacontent |
| 337 ## - MEDIA TYPE | |
| Media type term | computer |
| Source | rdamedia |
| 338 ## - CARRIER TYPE | |
| Carrier type term | online resource |
| Source | rdacarrier |
| 490 1# - SERIES STATEMENT | |
| Series statement | Applied mechanics and materials, |
| International Standard Serial Number | 1660-9336 ; |
| Volume number/sequential designation | volume 61 |
| 504 ## - BIBLIOGRAPHY, ETC. NOTE | |
| Bibliography, etc | Includes bibliographical references and indexes. |
| 588 ## - SOURCE OF DESCRIPTION NOTE | |
| Source of description note | Description based on print version record. |
| 590 ## - LOCAL NOTE (RLIN) | |
| Local note | Electronic reproduction. Palo Alto, Calif. : ebrary, 2014. Available via World Wide Web. Access may be limited to ebrary affiliated libraries. |
| 650 #0 - SUBJECT ADDED ENTRY--TOPICAL TERM | |
| Topical term or geographic name as entry element | Structural analysis (Engineering) |
| Form subdivision | Congresses. |
| Topical term or geographic name as entry element | Materials |
| Form subdivision | Congresses. |
| 655 #0 - INDEX TERM--GENRE/FORM | |
| Genre/form data or focus term | Electronic books. |
| 700 1# - ADDED ENTRY--PERSONAL NAME | |
| Personal name | Karama, Moussa. |
| 776 08 - ADDITIONAL PHYSICAL FORM ENTRY | |
| Display text | Print version: |
| Title | Advances in structures analysis : special topic volume with invited peer reviewed papers only. |
| Place, publisher, and date of publication | Durnten-Zurich : TTP, Trans Tech Publications, [2011] |
| Physical description | 102 pages ; 25 cm. |
| Series data for related item | Applied mechanics and materials ; volume 61 |
| International Standard Serial Number | 1660-9336 ; |
| International Standard Book Number | 9783037851593 |
| Record control number | (DLC)17071491 |
| 797 2# - LOCAL ADDED ENTRY--CORPORATE NAME (RLIN) | |
| Corporate name or jurisdiction name as entry element | ebrary. |
| 830 #0 - SERIES ADDED ENTRY--UNIFORM TITLE | |
| Uniform title | Applied mechanics and materials ; |
| Volume number/sequential designation | v. 61. |
| 856 40 - ELECTRONIC LOCATION AND ACCESS | |
| Uniform Resource Identifier | <a href="http://site.ebrary.com/lib/rucke/Doc?id=10817910">http://site.ebrary.com/lib/rucke/Doc?id=10817910</a> |
| Public note | An electronic book accessible through the World Wide Web; click to view |
No items available.
